000 00919nam a22002657a 4500
005 20180227151855.0
010 _aENG-107557
020 _a9788122201444
_c225.00
035 _aEN-91090
035 _aB-528360
035 _aB-667661
037 _bDBAD/PUB
037 _bKKP/Ven
_adpl
082 _a617.56
100 _aNorfolk, Donald
245 _aConquering back pain /
_cby Donald Norfolk
260 _aNew Delhi
_bOrient Paperbacks
_c2011
270 _a5A/8 Ansari Road
_bNew Delhi
_e110002
300 _a176p. :
_c22cm(pbk)
_bill.
500 _aIncludes index
520 _a13-14EN
942 _2ddc
_cEN
_mNOR
_h617.56
999 _c76474
_d76474